Ekonomická univerzita. University of Economics Bratislava

Uložené v:
Podrobná bibliografia
Médium: Kniha
Jazyk:Slovak
English
Vydavateľské údaje: Bratislava Ekonomická univerzita 1995
Vydanie:1. vyd.
Predmet:
Tagy: Pridať tag
Žiadne tagy, Buďte prvý, kto otaguje tento záznam!

MARC

LEADER 00000nam a2200000 4500
001 c013263
005 20221128072729.4
041 0 |a slo 
041 0 |a eng 
044 |a SK 
245 1 0 |a Ekonomická univerzita. University of Economics Bratislava 
250 |a 1. vyd. 
264 1 |a Bratislava  |b Ekonomická univerzita  |c 1995 
300 |a [25] s. 
610 2 0 |a školy vysoké 
610 2 0 |a ekonómovia 
610 2 0 |a učitelia 
610 2 0 |a vyučovanie 
610 2 0 |a Ekonomická univerzita v Bratislave 
610 2 0 |a univerzity